=LDR 00000nam 2200000 4500 =001 INLIS000000000021520 =005 20130612120357 =008 ***********************************Ind** =035 ##$$0010-061300000021520 =041 ##$$a Ind =082 ##$$a 398.205 982 =090 ##$$a 398.205 982, Pra a =100 ##$$a Prabowo. Dhanu Priyo =245 ##$$a Antologi cerita rakyat daerah istimewa yogyakarta, Dhanu Priyo Prabowo =260 ##$$a 2004 $b Jakarta =300 ##$$a 242 hlm, 21 cm =650 ##$$a Cerita Rakyat Jawa =850 ##$$a NBPNMAT